Films de Jacques Demy - Statistiques

Statistiques générales
  • Ce quiz a été pris 132 fois
  • Le résultat moyen est 7 sur 12
Statistiques - réponses
Indices Film % Correct
Gene Kelly, Françoise Dorléac Les Demoiselles de Rochefort
96%
La fée des Lilas, Jean Marais Peau d'Âne
96%
Catherine Deneuve Les parapluies de Cherbourg
93%
Anouk Aimée, Nantes Lola
84%
Jeanne Moreau, Nice La baie des anges
63%
Mastroianni, Deneuve L'Événement le plus important depuis que l'homme a marché sur la Lune
48%
Francis Huster, Orphée Parking
47%
Richard Berry, Danielle Darrieux Une chambre en ville
47%
Anouk Aimée, Los Angeles Model shop
39%
Yves Montand, Mathilda May Trois places pour le 26
34%
La rose de Versailles Lady Oscar
31%
Peste noire Le joueur de flûte
31%
Aucun quiz correspondant
Distribution des résultats
% des personnes avec chaque résultat
Percentile par nombre de réponses
Votre historique - résultats
Vous n’avez pas pris ce quiz